¡Ni pensarlo Mico! / (Registro nro. 10216)

Detalles MARC
000 -LIDER
fixed length control field 00579nam a22002057a 4500
001 - NÚMERO DE CONTROL
Identificador de número de control 4102
003 - IDENTIFICACDOR DE NÚMERO DE CONTROL
control field DO-SdBNP
005 - DATE AND TIME OF LATEST TRANSACTION
control field 20180302090859.0
007 - CAMPOS FIJOS DE DESCRIPCIÓN FÍSICA
fixed length control field 4102
008 - ELEMENTOS DE LONGITUD FIJA
fixed length control field 160525b 2000 sp ||| |||| 00| 0 spa d
040 ## - FUENTE DE CATALOGACIÓN
Agencia que crea de manera original el registro BPMSU
Idioma de catalogación spa
Agencia que realiza la transcripción BPMSU
100 ## - ASIENTO PRINCIPAL -- NOMBRE PERSONAL
Nombre personal Holmes, Fiona
245 ## - MENCIÓN DE TITULO
Título ¡Ni pensarlo Mico! /
Mención de responsabilidad Fiona Conboy : ilustraciones Stephen Holmes
260 ## - PUBLICACIÓN, DISTRIBUCIÓN, ETC. (PIE DE IMPRENTA)
Lugar de publicación, distribución, etc Barcelona :
Nombre del editor, distribuidor, etc. Beascoa,
Fecha de publicación, distribución, etc 2000
300 ## - DESCRIPCIÓN FÍSICA
Extensión [12] p. :
Otros detalles físicos il. ;
Dimensiones 24 cm.
700 ## - ASIENTO SECUNDARIO -- NOMBRE PERSONAL
Nombre personal Holmes, Stephen
Mención de responsabilidad il.
942 ## - ADDED ENTRY ELEMENTS (KOHA)
Source of classification or shelving scheme Dewey Decimal Classification
Koha item type Libros
945 ## - INFORMACIÓN DE PROCESAMIENTO LOCAL
Información de procesamiento local inventariado, 2018 / dg
956 ## - LOCAL ELECTRONIC LOCATION AND ACCESS (OCLC)
Nombre de host VMATEO
Número de acceso 10
Información de compresión 20160525
Trayectoria BPMSU
Nombre Electrónico 0069
Existencias
Withdrawn status Lost status Source of classification or shelving scheme Damaged status Not for loan Home library Current library Date acquired Source of acquisition Total Checkouts Barcode Date last seen Price effective from Koha item type
    Dewey Decimal Classification     Biblioteca Pública Metropolitana Salomé Ureña Biblioteca Pública Metropolitana Salomé Ureña 05/25/2016 FUNDI   BPMSU16050442 05/25/2016 05/25/2016 Libros